000 05668nab a22010697 4500
003 AR-RoUNA
022 _a0327-9022
040 _aAR-RoUNA
_bspa
041 _aspa
044 _aag
245 _aSumma+
260 _aBuenos Aires (Argentina):
_cDonn SA,
_b1993.
300 _a208 p. :
_bil. byn.
_bplanos
_c34X25 cm.
505 0 _tINDICE
505 0 _tEDICION ESPECIAL CASAS / ARQUITECTURA
505 0 _tAUSTRALIA / BRASIL / CHILE / CHINA / ESTADOS UNIDOS / URUGUAY / ARGENTINA
505 0 _tESCULPIENDO EL GÁLIBO / CASAS / CALIFORNIA
505 0 _aJohnston Marklee & Associates / Casa Hill, California, Estados Unidos, 2004. p. 74
505 0 _aJohnston Marklee & Associates / Casa Sale, California, Estados Unidos, 2004. p. 80
505 0 _aRoberto Segre / Un Brasil oculto: La razón minimalista. p. 84
505 0 _aGustavo Penna / Casa en Belvedere, Minas Gerais, Brasil, 2003. p. 86
505 0 _aGustavo Penna / Casa Reginaldo Peron, Minas Gerais, Brasil, 2003. p. 90
505 0 _tCAJAS TRASANDINAS
505 0 _aFelipe Assadi Figueroa / Casa Schmitz, Calera de Tango, Santiago, Chile, 2002. p. 94
505 0 _aFelipe Assadi Figueroa / Casa Raveau, Camino a Farellones, Santiago, Chile, 2003. p. 100
505 0 _tDESPUES DE LA CABAÑA PRIMITIVA
505 0 _aNicholas Murcutt / Casa Collopy, Pindimar, New South Wales, Australia, 2001. p. 104
505 0 _aNicholas Murcutt / Casa Cubo, Tanja, New South Wales, Australia, 2004. p. 110
505 0 _tREFUGIO ESTEÑO
505 0 _aIrene Joselevich, Hernán Treibel / Casa Córdoba, Cerro Pelado, Punta del Este, Uruguay, 2002. p.114
505 0 _aCesar Naselli / Una roca en el monte. p.118
505 0 _aMariela Marchisio y Cristián Nanzer / Casa en Capilla del Monte, Córdoba, Argentina, 2002. p. 118
505 0 _tENSAYOS
505 0 _aHelio Piñón / Forma e Identidad. p. 128
505 0 _tTRIÁNGULO MÍNIMO - CASAS SUBURBANAS
505 0 _aJorge O. Moscato, Rolando H. Schere, Joaquín Moscato y Ramiro Schere / Casa Nona, San Fernando, Buenos Aires, 2001. p. 136
505 0 _tESTRATIFICACION PROGRAMATICA - CASAS SUBURBANAS
505 0 _aRTN Architects, Javier Rivarola, Gustavo Trosman / Casa Galindo, Martínez, Buenos Aires, 2003. p. 140
505 0 _tMEDIOS NIVELES - CASAS SUBURBANAS
505 0 _aCristian O´Connor, Mariano Clusellas / Casa en la Horqueta, San Isidro, Buenos Aires, 2004. p. 146
505 0 _tCASA REVISITADA
505 0 _aCayetana Mercé / Casa revestida. En torno a la casa y la práctica profesional. p. 152
505 0 _tVARIANTES LADRILLERAS - LADRILLO VISTO
505 0 _aDaniel Becker y Claudio Ferrari / Casa en Ituzaingó, Ituzaingó, Buenos Aires, 2004. p. 158
505 0 _tVECINAS DE HORIZONTE - LADRILLO VISTO
505 0 _aAlejandro Beltramone, Marcelo Ponzellini / Casa Unidad 51, Funes, Santa Fe, Argentina, 2003. p. 164
505 0 _aAlejandro Beltramone, Marcelo Ponzellini / Casa Unidad 52, Funes, Santa Fe, Argentina, 2004. p. 168
505 0 _tPRISMAS DE LADRILLO - LADRILLO VISTO
505 0 _aDaniel Szuldman y Mario Zambonini / Casa en Club de Campo Hacoaj, Buenos Aires, Argentina, 2003. p. 174
505 0 _tCASAS FRENTE A LA GRAN MURALLA
505 0 _aMónica Zgaib / Proyectos Ilusionantes. Casas experimentales de Soho China. p.180
505 0 _aMónica Zgaib / Entrevista a Antonio Ochoa. p. 181
505 0 _aCasa 2: Shingeru Ban (Japón) Furniture House. p. 181
505 0 _aCasa 9: Kay Ngee Tan (Singapur) The Twins. p. 182
505 0 _aCasa 1: Gary Chang (Hong Kong) Suitcase House. p. 183
505 0 _aCasa 4: Rocco Yim (Hong Kong) Distorted Courtyard House. p. 184
505 0 _aCasa 8: Kanika R Kul (Tailandia) The Shared House. p. 185
505 0 _aCasa 5: Chien Hsueh (Taiwán) Airport. p. 186
505 0 _aCasa 7: Kengo Kuma (Japón) Bamboo Wall. p.187
505 0 _aCasa 11: Yung Ho Chang (China) Split House. p. 188
505 0 _aCasa 10: Nobuaki Furuya (Japón) Forest House. p. 189
505 0 _aCasa 12: Seung H-Sang (Corea del Sur) - The Clubhouse. p. 190
505 0 _aCasa 6: Antonio Ochoa (China) - Cantilever House. p. 191
505 0 _aBradley Wheeler / Barrio Metálico. p. 192
505 0 _aRob Paulus / Viviendas ¨Barrio Metálico¨, New lofts residenciales, Tucson, Arizona, EE.UU, 2005. p. 192
505 0 _tFRAGMENTOS - DISQUISICIONES
505 0 _aRafael E.J. Iglesia / ¿Ornamentación = Crimen?. p. 198
505 0 _tFRAGMENTOS - TEXTURAS
505 0 _aRoberto Fernández / Fetiches Urbanos. p. 200
505 0 _aReichstag empaquetado por Christo, Berlín, 1985. p. 200
505 0 _aRockefeller Center, Nueva York, 1940. p. 200
505 0 _a Edificio para el Hong Kong and Shangai Bank, Norman Foster, Hong Kong, 1986. p. 200
505 0 _tFRGAMENTOS - UNIVERSITARIAS
505 0 _aViviana Colautti / La instrumentación en el proceso de diseño. p. 201
505 0 _tFRAGMENTOS - REVELACIONES
505 0 _aMario Sabugo / El rayo en Huayna Picchu. p. 206
505 0 _tPOST-SCRIPTUM
505 0 _aAlejandro Vaca Bononato / Un arquitecto. p.208
600 1 0 _927253
_aZgaib, Mónica
600 0 _aBeltramone, Alejandro.
_d1966-
_93863
600 0 _94470
_aPonzellini, Marcelo
600 0 _97107
_aKuma, Kengo
_d1954-
650 _aArquitectura contemporánea
650 _aViviendas unifamiliares
_9926
650 _aCASAS
_9278
651 0 _aAustralia
_94884
773 0 _aSumma+
_dBuenos Aires, Argentina
_gNº73 (jun-2005), p.208
_x0327-9022
908 _aImp
942 _2udc
_cART
945 _d2022-07-08
980 _6138
_aCarolina Rainero
_85
_gMaría Machado
999 _c12026
_d12026